Horacio Butler (Registro nro. 1106)

000 -CABECERA
campo de control de longitud fija 00650nab a2200301Ia 4500
001 - NÚMERO DE CONTROL
campo de control 1369
008 - DATOS DE LONGITUD FIJA--INFORMACIÓN GENERAL
campo de control de longitud fija 191123s9999 xx 000 0 und d
041 ## - CÓDIGO DE LENGUA
Código de lengua del texto/banda sonora o título independiente spa
044 ## - CÓDIGO DEL PAÍS DE LA ENTIDAD EDITORA/PRODUCTORA
Código MARC del país ag
100 ## - ENTRADA PRINCIPAL--NOMBRE DE PERSONA
Nombre de persona Caride, Vicente P.,
245 #0 - MENCIÓN DE TÍTULO
Título Horacio Butler
260 ## - PUBLICACIÓN, DISTRIBUCIÓN, ETC.
Lugar de publicación, distribución, etc. Buenos Aires :
Nombre del editor, distribuidor, etc. [s.n.],
Fecha de publicación, distribución, etc. 1947.
300 ## - DESCRIPCIÓN FÍSICA
Otras características físicas láminas b/n
490 #0 - MENCIÓN DE SERIE
Mención de serie Ars
550 ## - NOTA DE ENTIDAD RESPONSABLE
Nota de entidad responsable láminas b/n
650 ## - PUNTO DE ACCESO ADICIONAL DE MATERIA--TÉRMINO DE MATERIA
Término de materia o nombre geográfico como elemento de entrada ARGENTINA
650 ## - PUNTO DE ACCESO ADICIONAL DE MATERIA--TÉRMINO DE MATERIA
Término de materia o nombre geográfico como elemento de entrada BUTLER, HORACIO
650 ## - PUNTO DE ACCESO ADICIONAL DE MATERIA--TÉRMINO DE MATERIA
Término de materia o nombre geográfico como elemento de entrada PINTURAS
902 ## - ELEMENTOS DE DATOS B LOCAL, LDB (RLIN)
a S
903 ## - ELEMENTOS DE DATOS C LOCAL, LDC (RLIN)
a a
904 ## - ELEMENTOS DE DATOS D LOCAL, LDD (RLIN)
a as
907 ## - ELEMENTOS DE DATOS G LOCAL, LDG (RLIN)
a Impreso
911 ## - EQUIVALENCIA O REFERENCIA-CRUZADA-NOMBRE DE CONFERENCIA O REUNIÓN/CONGRESO [LOCAL, CANADÁ]
Nombre de congreso/reunión o jurisdicción como elemento de entrada láminas b/n
912 ## -
-- 1947
920 ## -
-- 7, n.35
942 ## - ELEMENTOS DE PUNTO DE ACCESO ADICIONAL (KOHA)
Tipo de ítem Koha Analítica
Existencias
Estado de retiro Estado de pérdida Estado dañado No para préstamo Localización permanente Ubicación/localización actual Fecha de adquisición Signatura topográfica completa Fecha visto por última vez Precio válido a partir de Tipo de ítem Koha Fuente del sistema de clasificación o colocación Código de barras Nota pública
        Biblioteca Horacio Butler Biblioteca Horacio Butler 2019-11-23 F - 4 9 2019-11-23 2019-11-23 Analítica      
        Biblioteca Horacio Butler Biblioteca Horacio Butler 2019-11-23 F - 4 9 2019-11-23 2019-11-23 Analítica   5459 DONACIÓN GONZÁLEZ GARAÑO

Con tecnología Koha